Bohaterowie Teorii Wielkiego Podrywu - Statystyki

Ogólne statystyki
  • Ten quiz został rozwiązany 5 razy
  • Średni wynik to 5 z 8
Statystyki odpowiedzi
Hint Odpowiedź % Poprawnych
Genialny fizyk Sheldon
100%
Neurobiolożka Amy
60%
Ma wysoki głos Bernadette
60%
Mieszka z mamą Howard
60%
Naukowiec z okularami Leonard
60%
Dziewczyna z Nebraski Penny
60%
Sklep z komiksami Stuart
40%
Problem z mówieniem do kobiet Raj
20%
Nie znaleziono quizów pasujących do podanych kryteriów
Rozkład punktacji
Procent ludzi z każdym wynikiem
Percentyl według liczby udzielonych odpowiedzi
Twoja historia wyników
Nie rozwiązałeś tego quizu